| 000 | 00311 a2200133 4500 | ||
|---|---|---|---|
| 001 | 60571 | ||
| 082 | _a621.3815 FLO | ||
| 090 |
_c37018 _d37018 |
||
| 100 | _aThomas L Floyed | ||
| 245 | _aElectronic Devices with CD | ||
| 250 | _a6 | ||
| 260 |
_aNew delhi _bPearson Education _c2006 |
||
| 300 | _axxiv, 993 | ||
| 942 |
_aNUST-CAE _k621.3815 FLO |
||
| 999 |
_c295644 _d295644 |
||